Identifikácia nebezpečenstva a bezpečná výroba chemických látok

Bibliographic Details
Main Author: Balog, Karol, 1949- (Author)
Format: Article
Language:Slovak
PhysicalDescription:Tab.
ISSN:0322-8347
Subjects:

MARC

LEADER 00000nab a2200000 a 4500
001 vtls000771478
003 SK-MaSNL
005 20260304121952.0
008 250429c1999 xo 0 slo
015 |a SNBRB2001/11-31630 
035 |a CLN000123265 
035 |a urn:nbn:sk:snk-abah0m 
035 |a (urnnbn)urn:nbn:sk:snk:ar-a0aorm 
035 |a (uuid)233d0701-65de-448c-826b-3d6282451507 
040 |a SNKBUCL  |b slo  |c SNKBUCL  |e AACR2 
041 0 |a slo 
044 |a xo  |c SK 
080 |a 614.841.345  |2 1997 
100 1 |a Balog, Karol,  |d 1949-  |4 aut  |9 213978 
245 1 0 |a Identifikácia nebezpečenstva a bezpečná výroba chemických látok  |c Karol Balog 
246 1 1 |a Danger identification and safe production of chemical substances 
300 |b Tab. 
504 |a Bibliogr. odkazy 
650 0 7 |a požiare  |x prevencia  |2 snkbucl  |9 1059198 
650 0 7 |a chemikálie  |x klasifikácia  |x normy a štandardy  |2 snkbucl  |9 1427363 
650 0 7 |a požiare  |x prevencia a kontrola  |2 snkbucl  |9 1427364 
650 0 7 |a bezpečnosť  |x normy a štandardy  |2 snkbucl  |9 1427365 
650 0 7 |a chemikálie a produkty špeciálne  |x klasifikácia  |x normy a štandardy  |2 snkbucl  |9 1427366 
655 7 |a články z novín a časopisov  |2 snkbucl  |9 267496 
773 0 |t Bezpečná práca  |g Roč. 30, č. 1 (1999), s. 10-12  |x 0322-8347 
850 |a Slovenská národná knižnica 
852 |a Slovenská národná knižnica 
954 |a odborná, vedecká literatúra pôvodná (slovenská)  |2 lita 
958 |a article14 
958 |a MI 
958 |a NB 
958 |a OND 
958 |a EUIPO 
992 |a RBX 
999 |c 2887839  |d 2889769